|
|
|
|
| LEADER |
01625nam a2200421 a 4500 |
| 001 |
nkc20091867581 |
| 003 |
CZ PrNK |
| 005 |
20090918141922.0 |
| 007 |
ta |
| 008 |
090409s2009 xr a e p 001 0 cze |
| 015 |
|
|
|a cnb001867581
|
| 020 |
|
|
|a 978-80-7380-174-8
|q (brož.)
|
| 035 |
|
|
|a (OCoLC)432999116
|
| 040 |
|
|
|a ABA001
|b cze
|d BOA001
|
| 072 |
|
7 |
|a 658
|x Řízení a správa podniku
|2 Konspekt
|9 4
|
| 072 |
|
7 |
|a 37.016
|x Učební osnovy. Vyučovací předměty. Učebnice
|2 Konspekt
|9 22
|
| 080 |
|
|
|a 658.14/.17
|2 MRF
|
| 080 |
|
|
|a 347.72
|2 MRF
|
| 080 |
|
|
|a (075.8)
|2 MRF
|
| 100 |
1 |
|
|a Kalouda, František,
|d 1949-
|7 jo20010082972
|4 aut
|
| 245 |
1 |
0 |
|a Finanční řízení podniku /
|c František Kalouda
|
| 260 |
|
|
|a Plzeň :
|b Vydavatelství a nakladatelství Aleš Čeněk,
|c 2009
|
| 300 |
|
|
|a 279 s. :
|b il. ;
|c 23 cm
|
| 504 |
|
|
|a Obsahuje bibliografii, bibliografické odkazy a rejstřík
|
| 650 |
0 |
7 |
|a finance podniku
|7 ph172935
|2 czenas
|
| 650 |
0 |
7 |
|a finanční management
|7 ph114551
|2 czenas
|
| 650 |
0 |
7 |
|a obchodní společnosti
|7 ph115518
|2 czenas
|
| 650 |
0 |
9 |
|a business finance
|2 eczenas
|
| 650 |
0 |
9 |
|a financial management
|2 eczenas
|
| 650 |
0 |
9 |
|a corporations
|2 eczenas
|
| 655 |
|
7 |
|a učebnice vysokých škol
|7 fd133772
|2 czenas
|
| 655 |
|
9 |
|a textbooks (higher)
|2 eczenas
|
| 856 |
4 |
1 |
|u http://www.digitalniknihovna.cz/mzk/uuid/uuid:894c8750-e582-11e3-a2c6-005056827e51
|y Digitalizovaný dokument
|x NDK
|
| 910 |
2 |
|
|a BOA001
|b 2-1227.040
|
| 990 |
|
|
|a BK
|
| 995 |
|
|
|a 01
|
| 991 |
|
|
|b 200907
|c NOV
|j 658 KAL
|
| 996 |
6 |
|
|b 2610383513
|c 2-1227.040
|l MZK
|r Sklad / do 1 hodiny
|n 28
|p p.v.
|w 001086383
|u 000010
|a 1
|e BOA001
|j MZK50
|s P
|